00997cam a2200289 450000100060000000300080000600500170001400800410003102000150007203500140008704000320010104100110013308200230014424500770016725000120024426000410025630000330029735000090033050000810033950400420042065000220046265000210048470000280050594200120053399900170054595201450056232200BD-RjUL20211209051813.0140424s1968 enkaf b 001 0 eng d a0600023516 a(BD-RjUL) aDLCcDLCdDLCdBD-RjULbeng1 aengfre00aR 291.13bNEW 196800aNew Larousse encyclopedia of mythology :cIntroduction by Robert Graves  aNew ed. aLondon ;aNew York :bHamlyn,c1968. axi, 500 p. :bill. ;c30 cm. a84/- aFirst ed. published in 1959 under title: Larousse encyclopedia of mythology. aBibliography: p. [486]-487. and Index 0aMythology.997993 0aFolklore.9979941 aGraves Robert 997995 2ddccBK c32200d32200 00102ddc40718NFICaRUCLbRUCLcReadingd1964-12-22eG. B. Councilg78.00l0oR 291.13 NEW 1968r2014-04-24 00:00:00tC-1w2014-04-24yBK